El gobierno de Su Majestad Alfonso XIII ante la Revolución Mexicana : oligarquía española y contrarrevolución en México, 1909-1920 /
Considera el autor que, tras la pérdida de Cuba en 1898, la diplomacia española enfrentó con las faccionaes de la Revolución Mexicana, su primer conflicto serio con Latinoamérica. Conflicto grave y explicable, pues dado el gran peso que los emigrantes españoles en nuestro país tenían en la economía...
Guardado en:
| Autor principal: | |
|---|---|
| Formato: | Libro |
| Idioma: | Español |
| Publicado: |
México : Monterrey, México :
Congreso de la Unión, Cámara de Senadores, LVIII Legislatura ; Universidad de Monterrey,
2001, c2001
|
| Colección: | (Historia Senado de la República ;
1) |
| Temas: | |
| Etiquetas: |
Sin etiquetas, Sé el primero en etiquetar este registro!
|
MARC
| LEADER | 00000nam^a2200000^a^4500 | ||
|---|---|---|---|
| 001 | 000186925 | ||
| 005 | 20250521000000.0 | ||
| 009 | 20260310102243.877 | ||
| 037 | |a Acervo ITESO - Biblioteca | ||
| 041 | |a ESP | ||
| 082 | |a 327. 72046 |b FLO | ||
| 100 | |a Flores, Oscar |e (autor) | ||
| 245 | 1 | 3 | |a El gobierno de Su Majestad Alfonso XIII ante la Revolución Mexicana : |b oligarquía española y contrarrevolución en México, 1909-1920 / |c O. Flores ; presen. de Adalberto Arturo Madero Quiroga. |
| 264 | 4 | |a México : |b Congreso de la Unión, Cámara de Senadores, LVIII Legislatura ; |a Monterrey, México : |b Universidad de Monterrey, |c 2001, c2001 | |
| 300 | |a XXII, 618 p. | ||
| 336 | |a texto |b txt |2 rdacontenido | ||
| 337 | |a sin mediación |b n |2 rdamedio | ||
| 338 | |a volumen |b nc |2 rdasoporte | ||
| 440 | 1 | |a (Historia Senado de la República ; |v 1) | |
| 520 | |a Considera el autor que, tras la pérdida de Cuba en 1898, la diplomacia española enfrentó con las faccionaes de la Revolución Mexicana, su primer conflicto serio con Latinoamérica. Conflicto grave y explicable, pues dado el gran peso que los emigrantes españoles en nuestro país tenían en la economía y sociedad porfirianas, el gobierno de Alfonso XIII tomó partido y defendió los intereses de sus ciudadanos en México, intereses que obviamente eran cuestionados por los revolucionarios, como todo el orden social porfiriano. | ||
| 649 | |a XX | ||
| 650 | |a Relaciones Internacionales - |z México-España | ||
| 650 | |a Diplomacia - |z España | ||
| 650 | |a Diplomacia - |z México | ||
| 650 | |a Política Exterior - |z España - |x Historia - |y Alfonso XIII, 1836-1931 | ||
| 650 | |a Política Exterior - |z México - |x Historia - |y Revolución, 1910-1917 | ||
| 650 | |a Política Exterior - |z México - |x Historia - |y Régimen Carrancista, 1917-1920 | ||
| 650 | |a Política - |z España - |x Historia - |y Alfonso XIII, 1886-1931 | ||
| 650 | |a Política - |z México - |x Historia - |y Revolución, 1910-1917 | ||
| 650 | |a Política - |z México - |x Historia - |y Régimen Carrancista, 1917-1920 | ||
| 650 | |a España - |x Historia - |y Alfonso XIII, 1886-1931 | ||
| 650 | |a México - |x Historia - |y Revolución, 1910-1917 | ||
| 650 | |a México - |x Historia - |y Régimen Carrancista, 1917-1920 | ||
| 910 | |a Fondo General | ||
| 920 | |a Impresos - Libros | ||
| 930 | |a Colección General | ||
| 905 | |a 101 | ||
| 901 | |a 0500128811 |b IT1 |c ACC |u 20250521 | ||
| 902 | |a https://opac.biblio.iteso.mx/vufind/Record/000186925 | ||